| 000 | 00694nam a22001817a 4500 | ||
|---|---|---|---|
| 999 |
_c683 _d683 |
||
| 008 | 160116b xxu||||| |||| 00| 0 eng d | ||
| 020 | _a978-971-9612-06-3 | ||
| 082 |
_22014 _aDFil 808.0666363 _bN15t |
||
| 100 |
_91821 _aNano, Maria Cristina B. |
||
| 245 |
_aTechnical report writing 1 : _bfor criminology students/ _cMaria Cristina Bajado-Nano and paulino Ventic Pioquinto |
||
| 260 |
_aQuezon City : _bWiseman's Book Trading, _cc2014. |
||
| 300 |
_a182 pages : _billustrations ; _c28 cm. |
||
| 521 | _aIncludes bibliographical references (p. 178-180). | ||
| 650 | 0 |
_91824 _aTechnical writing |
|
| 650 | 0 |
_91825 _aReport writing |
|
| 700 |
_91822 _aPioquinto, Paulino V. |
||
| 942 |
_2ddc _cBK |
||